Industrial and organizational psychology

Αποθηκεύτηκε σε:
Λεπτομέρειες βιβλιογραφικής εγγραφής
Κύριος συγγραφέας: McCormick, Ernest J. (Ernest James)
Άλλοι συγγραφείς: Ilgen, Daniel R.
Μορφή: Βιβλίο
Γλώσσα:English
Δημοσίευση: London : Allen and Unwin, c1985
Έκδοση:8th ed.
Θέματα:
Ετικέτες: Προσθήκη ετικέτας
Δεν υπάρχουν, Καταχωρήστε ετικέτα πρώτοι!

MARC

LEADER 00000cam a2200000 i 4500
001 1/88701
008 960329s1985 eng d
020 |a 0-415-09452-6 (pbk.) 
020 |a 0-13-463092-0 
035 |l 10007018 
040 |a GR-MY-UA  |b gre  |e aacr 
041 0 |a eng 
082 0 |a 158.7 
100 1 |a McCormick, Ernest J.   |q (Ernest James) 
245 1 0 |a Industrial and organizational psychology /  |c Ernest J. McCormick; Daniel R. Ilgen 
250 |a 8th ed. 
260 |a London :   |b Allen and Unwin,   |c c1985 
300 |a xii, 468 σ.;  |b εικ.;  |c 25 εκ. 
650 0 0 |a Psychology, Industrial. 
700 1 |a Ilgen, Daniel R. 
852 |a INST  |b CHIOS  |e 19960329  |h 158.7 MCC  |p 005200003329  |q 005200003329  |t BK  |y 0 
852 |a INST  |b LESVOS  |e 19970124  |h 158.7 MCC  |p 005100012158  |q 005100012158  |t BK  |y 0 
852 |a INST  |b LESVOS  |e 20070524  |h 158.7 MCC  |p 005100038154  |q 005100038154  |t BK  |y 0 
901 |a BIBL1-2007-2 
909 |a Λ  |b 010650 
909 |a Λ  |b 132632 
909 |a Χ  |b 031299